| 000 | 00573nam a22002177a 4500 | ||
|---|---|---|---|
| 003 | OSt | ||
| 005 | 20140311161020.0 | ||
| 008 | 130202t xxu||||| |||| 00| 0 eng d | ||
| 020 | _a9710865552 | ||
| 050 |
_aQE 26 _b.C357 2010 |
||
| 082 |
_aFIL 550.21 _2C28 2010 |
||
| 245 |
_aFundamentals of earth science _cCatchillar, Gerry C. |
||
| 260 |
_aMandaluyong City _bNational Book Store _c2005. |
||
| 300 |
_a199 p _c21.5 cm |
||
| 521 | _acollege students | ||
| 526 | _c1210L-1700L | ||
| 541 | _j1 | ||
| 541 | _j2 | ||
| 562 | _e2 | ||
| 942 |
_2lcc _cBK _kFIL |
||
| 999 |
_c17679 _d17679 |
||